000 00261nam a22001217a 4500
082 _a823
_bRAJ/P
100 _aRAJA, SUNDARA R
245 _aPANCHATANTRA - II
260 _aMADRAS
_bCHILDREN'S WORLD
300 _a8
650 _aENGLISH STORY
_zINDIA
942 _cBK
999 _c7385
_d7385